000 02221nam a2200361 a 4500
001 ebr10509439
003 CaPaEBR
006 m u
007 cr cn|||||||||
008 951120s1995 ne a sb 001 0 eng d
010 _z 95050435
020 _z1556191677 (alk. paper)
020 _z9027252343 (Eur.)
020 _z9789027252340
020 _z9789027276193 (e-book)
040 _aCaPaEBR
_cCaPaEBR
035 _a(OCoLC)806953012
050 1 4 _aPM7831
_b.E17 1995eb
082 0 4 _a417/.22
_220
245 0 4 _aThe early stages of creolization
_h[electronic resource] /
_cedited by Jacques Arends.
260 _aAmsterdam ;
_aPhiladelphia :
_bJ. Benjamins,
_cc1995.
300 _axv, 297 p. :
_bill.
490 1 _aCreole language library,
_x0920-9026 ;
_vv. 13
504 _aIncludes bibliographical references and indexes.
505 0 _aSome developmental inferences from the historical studies of pidgins and creoles / Philip Baker -- Eighteenth-century Negerhollands reflexives revisted / Hein van der Voort and Pieter Muysken -- Early creole writing and its effects on the discovery of creole language structure : the case of eighteenth-century Negerhollands / Peter Stein -- The Negerhollands word sender in eighteenth-century manuscripts / Frans Hinskens and Cefas van Rossem -- Early Bajan : creole or non-creole? / Linda Fields -- The emergence of taki as a complementizer in Sranan : on substrate influence, universals, and gradual Creolization / Ingo Plag -- Relative clauses in early Sranan / Adrienne Bruyn -- The demographics of creole genesis in the Caribbean : a comparison of Martinique and Haiti / John Victor Singler -- Demographic factors in the formation of Sranan / Jacques Arends.
533 _aElectronic reproduction.
_bPalo Alto, Calif. :
_cebrary,
_d2013.
_nAvailable via World Wide Web.
_nAccess may be limited to ebrary affiliated libraries.
650 0 _aCreole dialects
_xHistory.
655 7 _aElectronic books.
_2local
700 1 _aArends, Jacques.
710 2 _aebrary, Inc.
830 0 _aCreole language library ;
_vv. 13.
856 4 0 _uhttp://site.ebrary.com/lib/rucke/Doc?id=10509439
_zAn electronic book accessible through the World Wide Web; click to view
999 _c217268
_d217268